Cities in Fiji accepted by cityquiz.io - Statistics

General Stats
  • This quiz has been taken 129 times
  • The average score is 4 of 13
Answer Stats
Population Answer % Correct
185,913 Suva
100%
71,048 Nadi
55%
15,846 Ba
44%
71,573 Lautoka
35%
6,833 Savusavu
27%
10.509 Sigatoka
26%
26,601 Labasa
25%
4,481 Levuka
25%
57,882 Nausori
23%
24,637 Lami
14%
5,812 Navua
14%
8,810 Tavua
14%
5,580 Vatukoula
12%
No matching quizzes found
Score Distribution
Percent of People with Each Score
Percentile by Number Answered
Your Score History
You have not taken this quiz